Možnosti použitia DEA vo viackriteriálnom rozhodovaní s intervalovo zadanými váhami kritérií

Návrh metódy pre viackriteriálne vyhodnocovanie variantov založenej na aplikácii analýzy dátových obalov. Na riešenie problému viackriteriálneho vyhodnocovania variantov s intervalovo zadanými váhami kritérií je použitý variant metódy DEA známy ako "assurance region method" s absolútnymi a relatívny...

Ausführliche Beschreibung

Gespeichert in:
Bibliographische Detailangaben
1. Verfasser: Fandel, Peter
Format: Buchkapitel
Sprache:Slowakisch
Schlagworte:
Tags: Tag hinzufügen
Keine Tags, Fügen Sie das erste Tag hinzu!

MARC

LEADER 00000naa$a2200000$$$4500
001 0054795
005 20240717104322.2
041 0 |a slo 
044 |a SK 
245 1 0 |a Možnosti použitia DEA vo viackriteriálnom rozhodovaní s intervalovo zadanými váhami kritérií  |c Peter Fandel 
520 |a Návrh metódy pre viackriteriálne vyhodnocovanie variantov založenej na aplikácii analýzy dátových obalov. Na riešenie problému viackriteriálneho vyhodnocovania variantov s intervalovo zadanými váhami kritérií je použitý variant metódy DEA známy ako "assurance region method" s absolútnymi a relatívnymi intervalmi váh. 
610 2 0 |a rozhodovanie viackriteriálne 
610 2 0 |a metódy 
610 2 0 |a metódy rozhodovania 
100 1 |a Fandel, Peter